Metro Areas in the USA and Canada with Big 4 Teams - Statistics

General Stats
  • This quiz has been taken 95 times
  • The average score is 44 of 49
Answer Stats
Metro Population Metro Area % Correct
20,153,634 New York City
97%
9,512,999 Chicago
96%
13,310,447 Los Angeles
96%
6,066,387 Miami
96%
6,657,982 San Francisco Bay Area
96%
5,928,040 Toronto
96%
7,233,323 Dallas
95%
4,297,617 Detroit
95%
6,772,470 Houston
95%
4,098,927 Montreal
95%
2,463,431 Vancouver
95%
1,392,609 Calgary
93%
3,551,036 Minneapolis-St Paul
93%
6,070,500 Philadelphia
93%
3,798,902 Seattle
93%
2,807,002 St. Louis
93%
6,131,977 Washington DC
93%
4,794,447 Boston
92%
2,165,139 Cincinnati
92%
2,055,612 Cleveland
92%
2,853,077 Denver
92%
3,317,749 San Diego
92%
3,032,171 Tampa Bay
92%
2,474,314 Charlotte
91%
1,478,212 Jacksonville
91%
2,342,299 Pittsburg
91%
2,424,955 Portland
91%
5,789,700 Atlanta
89%
2,798,886 Baltimore
89%
1,321,426 Edmonton
89%
1,268,883 New Orleans
89%
2,104,509 Kansas City
88%
4,661,537 Phoenix
88%
2,429,609 San Antonio
88%
2,041,520 Columbus
86%
1,572,482 Milwaukee
86%
1,865,298 Nashville
86%
1,323,783 Ottawa
86%
1,186,187 Salt Lake City
86%
1,132,804 Buffalo
85%
2,155,664 Las Vegas
85%
1,373,211 Oklahoma City
85%
1,342,842 Memphis
84%
2,441,257 Orlando
82%
2,004,230 Indianapolis
81%
1,302,946 Raleigh
78%
778,489 Winnipeg
77%
318,236 Green Bay
74%
2,296,418 Sacramento
74%
No matching quizzes found
Score Distribution
Percent of People with Each Score
Percentile by Number Answered
Your Score History
You have not taken this quiz